| 000 | 01519nam a2200277 a 4500 | ||
|---|---|---|---|
| 005 | 20260112063230.0 | ||
| 020 | _a8170368243 | ||
| 039 |
_a202109281506 _bstaff _c201302131309 _d staff _c200908030110 _d staff _c200908022304 _d staff _y 200908022303 _z staff |
||
| 050 |
_a658.4092 _bKAA |
||
| 082 |
_a658.4092 _bKAA [ Shelf 79] |
||
| 100 | _aKaagan, Stephen S. | ||
| 245 |
_aLeadership games : _bexperiential learning for organizational development / _cStephen S. Kaagan. |
||
| 260 |
_aThousand Oaks, Calif. : _bSAGE Publications, _cc1999. |
||
| 300 |
_axxv, 187 p. : _bill. ; _c26 cm. |
||
| 504 | _aIncludes bibliographical references (p. 185-186). | ||
| 505 | _aWays of thinking about leadership development -- Cueing the exercises -- Exercises on risking innovation -- Exercises on fostering collaboration -- Exercises on managing conflict -- Exercises on using diversity -- The exercises in play : a story of real organizational change -- Conclusion. | ||
| 650 | _aLeadership. | ||
| 650 | _aManagement games. | ||
| 650 | _aExperiential learning. | ||
| 856 |
_Publisher description _u http://www.loc.gov/catdir/enhancements/fy0658/98025396-d.html |
||
| 856 |
_Table of contents only _u http://www.loc.gov/catdir/enhancements/fy0658/98025396-t.html |
||
| 856 |
_Contributor biographical information _u http://www.loc.gov/catdir/enhancements/fy0734/98025396-b.html |
||
| 991 | _aVIRTUA40 | ||
| 991 | _aVTLSSORT0080*0200*0500*0820*1000*2450*2600*3000*5040*5050*6500*6501*6502*8560*8561*8562*9992 | ||
| 909 | _a931 | ||
| 999 |
_c919 _d919 |
||